Digital design exercises for architecture students / (Record no. 7680)

000 -LEADER
fixed length control field 00736cam a2200205 i 4500
003 - CONTROL NUMBER IDENTIFIER
control field OSt
005 - DATE AND TIME OF LATEST TRANSACTION
control field 20200317153542.0
008 - FIXED-LENGTH DATA ELEMENTS--GENERAL INFORMATION
fixed length control field 150916s2016 nyu b 001 0 eng
020 ## - INTERNATIONAL STANDARD BOOK NUMBER
International Standard Book Number 9781138823143 (pbk. : alk. paper)
050 00 - LIBRARY OF CONGRESS CALL NUMBER
Classification number NA2728
Item number .D53 2016
082 00 - DEWEY DECIMAL CLASSIFICATION NUMBER
Classification number 729.0285
Edition number 23
Item number JAS
245 00 - TITLE STATEMENT
Title Digital design exercises for architecture students /
Statement of responsibility, etc edited by Jason S. Johnson and Joshua Vermillion.
300 ## - PHYSICAL DESCRIPTION
Extent xiv, 275 pages ;
Dimensions 26 cm
504 ## - BIBLIOGRAPHY, ETC. NOTE
Bibliography, etc Includes bibliographical references (pages 257-263) and index.
650 #0 - SUBJECT ADDED ENTRY--TOPICAL TERM
Topical term or geographic name as entry element Architectural design
General subdivision Data processing.
650 #0 - SUBJECT ADDED ENTRY--TOPICAL TERM
Topical term or geographic name as entry element Architectural design
Form subdivision Problems, exercises, etc.
700 1# - ADDED ENTRY--PERSONAL NAME
Personal name Johnson, Jason S.,
Relator term editor.
700 1# - ADDED ENTRY--PERSONAL NAME
Personal name Vermillion, Joshua,
Relator term editor.
942 ## - ADDED ENTRY ELEMENTS (KOHA)
Source of classification or shelving scheme
Holdings
Withdrawn status Lost status Source of classification or shelving scheme Damaged status Koha normalized classification for sorting Not for loan Permanent location Current location Date acquired Full call number Barcode Date last seen Price effective from Koha item type Shelving location
        729_028500000000000_JAS   BMS College of Architecture, Design and Planning BMS College of Architecture, Design and Planning 2020-03-17 729.0285 JAS AR-UG1442 2020-03-17 2020-03-17 UG Books  
        729_028500000000000_JAS   BMS College of Architecture, Design and Planning BMS College of Architecture, Design and Planning 2025-12-16 729.0285 JAS AR-UG5148 2026-02-10 2026-02-10 UG Books General Stacks
Copyright © 2025, The Librarian, Library and Information Centre, BMSCA D&P, Bengaluru. All Rights Reserved
web counter

Powered by Koha